<?xml version="1.0" encoding="UTF-8"?>
<record
    xmlns:xsi="http://www.w3.org/2001/XMLSchema-instance"
    xsi:schemaLocation="http://www.loc.gov/MARC21/slim http://www.loc.gov/standards/marcxml/schema/MARC21slim.xsd"
    xmlns="http://www.loc.gov/MARC21/slim">

  <leader>01156nam a22002177a 4500</leader>
  <controlfield tag="005">20180202101902.0</controlfield>
  <datafield tag="010" ind1=" " ind2=" ">
    <subfield code="a">B-667085</subfield>
  </datafield>
  <datafield tag="020" ind1=" " ind2=" ">
    <subfield code="a">9788190959971</subfield>
    <subfield code="c">395.00</subfield>
  </datafield>
  <datafield tag="035" ind1=" " ind2=" ">
    <subfield code="a">B-667085</subfield>
  </datafield>
  <datafield tag="037" ind1=" " ind2=" ">
    <subfield code="b">&#x91C;&#x928;&#x935;&#x93E;&#x923;&#x940; &#x92A;&#x94D;&#x930;&#x915;&#x93E;&#x936;&#x928;</subfield>
  </datafield>
  <datafield tag="082" ind1=" " ind2=" ">
    <subfield code="a">&#x909;</subfield>
  </datafield>
  <datafield tag="100" ind1=" " ind2=" ">
    <subfield code="a">&#x906;&#x936;&#x93E;&#x92A;&#x942;&#x930;&#x94D;&#x923;&#x93E; &#x926;&#x947;&#x935;&#x940;</subfield>
  </datafield>
  <datafield tag="245" ind1=" " ind2=" ">
    <subfield code="a">&#x92A;&#x941;&#x928;&#x930;&#x94D;&#x92E;&#x93F;&#x932;&#x928;:</subfield>
    <subfield code="c">&#x906;&#x936;&#x93E;&#x92A;&#x942;&#x930;&#x94D;&#x923;&#x93E; &#x926;&#x947;&#x935;&#x940; ;&#x92E;&#x92E;&#x924;&#x93E; &#x916;&#x930;&#x947; &#x926;&#x94D;&#x935;&#x93E;&#x930;&#x93E; &#x905;&#x928;&#x941;&#x926;&#x93F;&#x924;</subfield>
    <subfield code="b">&#x92B;&#x93F;&#x930; &#x92E;&#x93F;&#x932; &#x917;&#x90F; /</subfield>
  </datafield>
  <datafield tag="246" ind1=" " ind2=" ">
    <subfield code="a">Punarmilan: phir mil gay/</subfield>
    <subfield code="b">ed. by Aashapurna Devi Mamata Khare</subfield>
  </datafield>
  <datafield tag="260" ind1=" " ind2=" ">
    <subfield code="a">&#x926;&#x93F;&#x932;&#x94D;&#x932;&#x940;</subfield>
    <subfield code="b">&#x936;&#x93F;&#x915;&#x94D;&#x937;&#x93E; &#x915;&#x93F;&#x930;&#x923;</subfield>
    <subfield code="c">2016</subfield>
  </datafield>
  <datafield tag="270" ind1=" " ind2=" ">
    <subfield code="a">6/85, &#x915;&#x921;&#x915;&#x921;&#x93C;&#x940; &#x930;&#x94B;&#x921;  &#x936;&#x93E;&#x939;&#x926;&#x930;&#x93E;</subfield>
    <subfield code="b">&#x926;&#x93F;&#x932;&#x94D;&#x932;&#x940;</subfield>
    <subfield code="e">110032</subfield>
  </datafield>
  <datafield tag="300" ind1=" " ind2=" ">
    <subfield code="a">166&#x92A;&#x943;</subfield>
    <subfield code="c">22&#x938;&#x947;&#x92E;&#x940; (&#x938;&#x91C;&#x93F;&#x932;&#x94D;&#x926;)</subfield>
  </datafield>
  <datafield tag="700" ind1=" " ind2=" ">
    <subfield code="a">&#x916;&#x930;&#x947;, &#x92E;&#x92E;&#x924;&#x93E;</subfield>
    <subfield code="9">18567</subfield>
  </datafield>
  <datafield tag="942" ind1=" " ind2=" ">
    <subfield code="2">ddc</subfield>
    <subfield code="c">HN</subfield>
    <subfield code="m">&#x906;&#x936;&#x93E;&#x92A;&#x942;</subfield>
    <subfield code="h">&#x909;</subfield>
  </datafield>
  <datafield tag="999" ind1=" " ind2=" ">
    <subfield code="c">149644</subfield>
    <subfield code="d">149644</subfield>
  </datafield>
  <datafield tag="952" ind1=" " ind2=" ">
    <subfield code="0">0</subfield>
    <subfield code="1">0</subfield>
    <subfield code="4">0</subfield>
    <subfield code="7">0</subfield>
    <subfield code="8">FIC</subfield>
    <subfield code="a">AV</subfield>
    <subfield code="b">AV</subfield>
    <subfield code="d">2018-02-02</subfield>
    <subfield code="e">&#x91C;&#x928;&#x935;&#x93E;&#x923;&#x940; &#x92A;&#x94D;&#x930;&#x915;&#x93E;&#x936;&#x928;/6393/03.03.17/480/16.02.17/10.03.17</subfield>
    <subfield code="g">395.00</subfield>
    <subfield code="l">3</subfield>
    <subfield code="o">&#x909; &#x906;&#x936;&#x93E;&#x92A;&#x942;</subfield>
    <subfield code="p">B-667085</subfield>
    <subfield code="r">2026-02-20 00:00:00</subfield>
    <subfield code="s">2024-07-27</subfield>
    <subfield code="t">1</subfield>
    <subfield code="v">395.00</subfield>
    <subfield code="w">2018-02-02</subfield>
    <subfield code="y">HN</subfield>
  </datafield>
</record>
